Statistics for Asiens huvudstäder

Click here to take the quiz!

General Stats

  • This quiz has been taken 542 times
  • The average score is 25 of 48

Answer Stats

LandHuvudstad% Correct
JapanTokyo
89%
IsraelJerusalem
81%
KinaPeking
80%
AfghanistanKabul
79%
RysslandMoskva
78%
ThailandBangkok
77%
IrakBagdad
73%
TurkietAnkara
72%
IndienNew Delhi
72%
SingaporeSingapore
70%
SydkoreaSeoul
69%
FilippinernaManila
68%
IndonesienJakarta
67%
AzerbajdzjanBaku
65%
IranTeheran
64%
Förenade ArabemiratenAbu Dhabi
63%
LibanonBeirut
60%
KuwaitKuwait
60%
PakistanIslamabad
59%
MalaysiaKuala Lumpur
57%
CypernNicosia
57%
SyrienDamaskus
56%
ArmenienJerevan
56%
NordkoreaPyongyang
56%
QatarDoha
54%
VietnamHanoi
54%
JordanienAmman
52%
BangladeshDhaka
52%
TaiwanTaipei
52%
NepalKatmandu
51%
MongolietUlan Bator
45%
OmanMuskat
43%
SaudiarabienRiyadh
41%
BahrainManama
39%
MaldivernaMalé
38%
KazakstanAstana
36%
ÖsttimorDili
36%
KambodiaPhnom Penh
35%
JemenSanaa
34%
LaosVientiane
32%
Sri LankaSri Jayawardenapure
30%
BhutanThimphu
27%
BruneiBandar Seri Begawan
25%
Myanmar (Burma)Naypyidaw
25%
KirgizistanBisjkek
23%
UzbekistanTasjkent
22%
TadzjikistanDusjanbe
20%
TurkmenistanAsjchabad
12%

Score Distribution

Percentile by Number Answered

Percent of People with Each Score

Your Score History

You have not taken this quiz